Zaščita atmosfery ot promyšlennych zagrjaznenij. V dvuch častjach. Časť 2.Spravočnik : Perevod s angl /

Salvato in:
Dettagli Bibliografici
Autori principali: Calvert, Seymour (Autore), Englund, Harold M (Autore)
Natura: Libro
Pubblicazione: Moskva : Metallurgija, 1988
Tags: Aggiungi Tag
Nessun Tag, puoi essere il primo ad aggiungerne!!

MARC

LEADER 00000nam a22000003a 4500
001 stu14243
005 20150617225800.0
008 ------s1988----xxr---------------------d
040 |a STU  |b slo 
041 0
044 |a xxr 
080 |a 502.5(203) 
100 1 |a Calvert, Seymour  |4 aut 
245 1 |a Zaščita atmosfery ot promyšlennych zagrjaznenij. V dvuch častjach. Časť 2.Spravočnik :  |b Perevod s angl /  |c [aut.]Calvert,Seymour, Englund,Harold M 
260 |a Moskva :  |b Metallurgija,  |c 1988 
300 |a 710 s :  |b Tab.,grafy,lit 
700 1 |a Englund, Harold M  |4 aut 
996 |b C83092  |c C*83092  |l CCXXVI  |s P  |a 0  |w stu14243_0001 
996 |b C83093  |c C*83093  |l CCXXVI  |s P  |a 0  |w stu14243_0002 
996 |b C87359  |c C*87359  |l CCXVIII  |s P  |a 0  |w stu14243_0003